ბათუმის შოთა რუსთაველის სახელმწიფო უნივერსიტეტის ბიბლიოთეკა

ორგანული და ნავთობის ქიმიის პრაქტიკუმი / (ბიბ.ჩანაწერი № 37653)

000 -ლიდერი
ფიქსირებული სიგრძის საკონტროლო ველი 00934nam a2200229Ia 4500
001 - საკონტროლო ნომერი
საკონტროლო ველი 3625
003 - საკონტროლო ნომრის იდენტიფიკატორი
საკონტროლო ველი GE_BSU
005 - ბოლო ოპერაციის თარიღი და დრო
საკონტროლო ველი 20190603144934.0
008 - ფიქსირებული სიგრძის მონაცემთა ელემენტები - ზოგადი ინფორმაცია
ფიქსირებული სიგრძის საკონტროლო ველი 181216s1966||||ge |||||||||||||| ||geo||
040 ## - კატალოგიზაციის წყარო
Transcribing agency GE_BSU
041 ## - ენის კოდი
Language code of text/sound track or separate title geo
080 ## - უნივერსალური ათობითი კლასიფიკაციის ინდექსი
Universal Decimal Classification number 547(076) გ–51
100 ## - მთავარი ჩანაწერი - პიროვნების სახელი
Personal name გიოშვილი,გ.
9 (RLIN) 1962
245 ## - ცნობა სათაურის შესახებ
Title ორგანული და ნავთობის ქიმიის პრაქტიკუმი /
Statement of responsibility, etc გ. გიოშვილი ; რედ : გ. ნიქაბაძე.
250 ## - გამოცემის ცნობა
Edition statement მეორე შევს.გამოც.
264 ## - წარმოების, გამოცემის, დისტრიბუციის და სხვა ცნობები
გამოცემის, წარმოების, დისტრიბუციის... ადგილი თბილისი :
გამოცემის, წარმოების, დისტრიბუციის... სახელწოდება განათლება,
გამოცემის, წარმოების, დისტრიბუციის... თარიღი 1966.
300 ## - ფიზიკური აღწერა
Extent 204 გვ .:
Other physical details ცხრ; ნახ.
Dimensions 22 სმ.
653 ## - INDEX TERM--UNCONTROLLED
Uncontrolled term ორგანული და ნავთობის ქიმია
653 ## - INDEX TERM--UNCONTROLLED
Uncontrolled term ქიმია
700 ## - ADDED ENTRY--PERSONAL NAME
Personal name ნიქაბაძე, გ
Relator term რედაქტორი
9 (RLIN) 1188
942 ## - ADDED ENTRY ELEMENTS (KOHA)
Koha item type წიგნი
Source of classification or shelving scheme
ეგზემპლარები
ჩამოწერის სტატუსი დაკარგული ეგზემპლარის სტატუსი კლასიფიკაციის წყარო ან თაროზე გაწყობის სქემა დაზიანების სტატუსი არ გაიცემა მუდმივი მდებარეობა (დაცვის ადგილი) ამჟამინდელი ადგილსამყოფელი თაროზე განთავსების ადგილი შეძენის თარიღი ღირებულება, შესყიდვის ნორმალური ფასი სრული შენახვის შიფრი შტრიხკოდი ბოლო ოპერაციის თარიღი ეგზემპლარის მიმდევრობითი ნომერი (კეტერი?) ფასის ძალაში შესვლის თარიღი ეგზემპლარის სახეობა საჯარო შენიშვნა
          ტექნოლოგიური ფაკულტეტის ბიბლიოთეკა ტექნოლოგიური ფაკულტეტის ბიბლიოთეკა წიგნსაცავი 2018-12-17 1.00 547(076) გ–51 10069 2018-12-17 10069 2018-12-17 წიგნი 1 ლ. 14 თ.
          ტექნოლოგიური ფაკულტეტის ბიბლიოთეკა ტექნოლოგიური ფაკულტეტის ბიბლიოთეკა წიგნსაცავი 2018-12-17 1.00 547(076) გ–51 10070 2018-12-17 10070 2018-12-17 წიგნი 1 ლ. 14 თ.
          ტექნოლოგიური ფაკულტეტის ბიბლიოთეკა ტექნოლოგიური ფაკულტეტის ბიბლიოთეკა წიგნსაცავი 2018-12-17 1.00 547(076) გ–51 10071 2018-12-17 10071 2018-12-17 წიგნი 1 ლ. 14 თ.
          ტექნოლოგიური ფაკულტეტის ბიბლიოთეკა ტექნოლოგიური ფაკულტეტის ბიბლიოთეკა წიგნსაცავი 2018-12-17 1.00 547(076) გ–51 10072 2018-12-17 10072 2018-12-17 წიგნი 1 ლ. 14 თ.
          ტექნოლოგიური ფაკულტეტის ბიბლიოთეკა ტექნოლოგიური ფაკულტეტის ბიბლიოთეკა წიგნსაცავი 2018-12-17   547(076) გ–51 10073 2018-12-17 10073 2018-12-17 წიგნი 1ლ. 14 თ.
          ტექნოლოგიური ფაკულტეტის ბიბლიოთეკა ტექნოლოგიური ფაკულტეტის ბიბლიოთეკა წიგნსაცავი 2018-12-17 1.00 547(076) გ–51 10074 2018-12-17 10074 2018-12-17 წიგნი 1 ლ. 14 თ.
          ტექნოლოგიური ფაკულტეტის ბიბლიოთეკა ტექნოლოგიური ფაკულტეტის ბიბლიოთეკა წიგნსაცავი 2018-12-17 1.00 547(076) გ–51 10075 2018-12-17 10075 2018-12-17 წიგნი 1 ლ. 14 თ.